000 00652nam a2200217Ia 4500
005 20241129104334.0
008 241129s9999||||xx |||||||||||||| ||und||
020 _a9781138493834
037 _aTextual
040 _aRTL
_beng
_cRTL
041 _aeng
_2eng
084 _aY7.2 Q8
_qRTL
100 _aJain Ravindra K.
_9268962
245 0 _aInnovative departures: Anthropology and the Indian diaspora
_cJain Ravindra K.
260 _aNew York
_bRoutledge
_c2018
300 _aix,169p.
365 _aINR
_b995
650 _aAnthropology in the Context of Indian Diaspora
_9725861
942 _cTB
_hY7.2 Q8
999 _c1225463
_d1225463